[Event "Pobeskydy ArcelorMittal op"]
[Site "Frydek Mistek"]
[Date "2009.04.13"]
[Round "9"]
[White "Jacko, Vladimir"]
[Black "Jeanne, Mickael"]
[Result "1-0"]
[WhiteElo "2032"]
[BlackElo "2206"]
[PlyCount "67"]
[EventDate "2009.04.09"]
[EventType "swiss"]
[EventRounds "9"]
[EventCountry "CZE"]
[SourceTitle "CBM 129 Extra"]
[Source "ChessBase"]
[SourceDate "2009.05.05"]
[SourceVersion "2"]
[SourceVersionDate "2009.05.20"]
[SourceQuality "1"]

1. c4 c5 2. Nc3 Nc6 3. Nf3 Nf6 4. e4 d6 5. d4 cxd4 6. Nxd4 g6 7. Be2 Bg7 8. Be3 0-0 9. 0-0 Bd7 10. Rc1 Nxd4 11. Bxd4 Bc6 12. f3 a5 13. b3 Nd7 14. Bxg7 Kxg7 15. Qd4+ Kg8 16. Kh1 Nc5 17. f4 b6 18. f5 Ra7 19. Qe3 Qa8 20. Bd3 Nd7 21. Rf3 gxf5 22. Rxf5 e6 23. Rh5 Ne5 24. Qg5+ Ng6 25. Rf1 Qd8 26. Rf6 Re8 27. Rh3 e5 28. Ne2 Rd7 29. Ng3 Re6 30. Nh5 Rde7 31. Rhf3 Rxf6 32. Nxf6+ Kh8 33. Qh6 Nf8 34. Rg3 1-0

[Event "Pobeskydy ArcelorMittal op"]
[Site "Frydek Mistek"]
[Date "2009.04.12"]
[Round "8"]
[White "Jeanne, Mickael"]
[Black "Jurcisin, Imrich"]
[Result "0-1"]
[WhiteElo "2206"]
[BlackElo "2045"]
[PlyCount "98"]
[EventDate "2009.04.09"]
[EventType "swiss"]
[EventRounds "9"]
[EventCountry "CZE"]
[SourceTitle "CBM 129 Extra"]
[Source "ChessBase"]
[SourceDate "2009.05.05"]
[SourceVersion "2"]
[SourceVersionDate "2009.05.20"]
[SourceQuality "1"]

1. Nf3 d5 2. d4 Nf6 3. c4 e6 4. Nc3 c6 5. Bg5 Nbd7 6. e3 Qa5 7. Bxf6 Nxf6 8. Nd2 Bd6 9. cxd5 exd5 10. Bd3 Be6 11. 0-0 0-0 12. Qc2 h6 13. a3 Qc7 14. h3 a5 15. Rfc1 Rfc8 16. Rab1 Qe7 17. Na4 Nd7 18. e4 dxe4 19. Nxe4 Bc7 20. Re1 Qh4 21. Nac5 Nxc5 22. Nxc5 Bd5 23. Bh7+ Kh8 24. Be4 b6 25. Na4 Qf4 26. g3 Qd6 27. Nc3 Be6 28. Bf5 Bxf5 29. Qxf5 Qxd4 30. Rbd1 Qf6 31. Qxf6 gxf6 32. Re7 Be5 33. Rdd7 Rf8 34. Rxf7 Rxf7 35. Rxf7 Rd8 36. Ne4 Kg8 37. Rb7 f5 38. Nc3 b5 39. Rb6 Rd6 40. g4 fxg4 41. hxg4 Rf6 42. Kg2 Rxf2+ 43. Kxf2 Bd4+ 44. Kf3 Bxb6 45. a4 Bd4 46. Nb1 bxa4 47. Ke4 Bxb2 48. Kd3 Be5 49. Kc2 Bd4 0-1